Las marcas mas valiosas del mundo - Estadísticas

Estadísticas generales
  • Esta prueba ha sido intentada 420 veces
  • La puntuación promedio es 4 de 10
Estadísticas de respuestas
Bn$ Brand % Correcto
355.1 Apple
90%
184.2 Microsoft
69%
350.3 Amazon
67%
107.3 Samsung
60%
263.4 Google
58%
101.2 Facebook
55%
71.2 Huawei
19%
111.9 Walmart
14%
75.1 ICBC
3%
69.6 Verizon
3%
No se encontraron pruebas coincidentes
Distribución de puntuación
Porcentaje de gente con cada puntuación
Porcentaje por número respondido
Historial de tus puntuaciones
No has intentado esta prueba.